01875nam a2200433 i 450000100090000000300090000900500170001800800410003502000180007604000430009404100130013708200210015010000650017124000380023624502340027425000270050825000340053525000230056926400550059230000470064733600260069433700280072033800270074849000460077550400520082154600690087365000300094265000270097265300240099965500170102370000820104070000320112270000300115470000330118470000530121794200120127099900170128295201420129910817971EG-ScBUE20250521084903.0980115r20081986enka f b 001 0 eng d a9780750626330 aEG-ScBUEbengerdadEG-ScBUEcEG-ScBUE1 aenghrus04a531.382bLAN2221 aLandau, L. D.q(Lev Davidovich),d1908-1968,eauthor.93848010aTeorii︠a︡ uprugosti.lEnglish10aTheory of elasticity /cby L. D. Landau, E. M. Lifshitz, Institute of Physical Problems, U.S.S.R., Academy of Sciences ; revised by A. M. Kosevich, and L. P. Pitaevskii ; translated from the Russian by J. B. Sykes and W. H. Reid. aThird English edition. aRevised and enlarged edition. aReprinted edition. 1aOxford : bButterworth-Heinemann/Elsevier, c2008. aviii, 187 pages :billustrations ;c24 cm. 2rdacontentatextbtxt aunmediated2rdamediabn avolumebnc2rdacarrier0 aCourse of theoretical physics ;vvolume 7 aIncludes bibliographical references and index.  aText in English ; translated from the original Russian language. 7aElasticity.2BUEsh918407 7aElastic solids.2BUEsh bENGGENcOctober2015 vReading book1 aLifshit︠s︡, E. M.q(Evgeniĭ Mikhaĭlovich),eauthor,ereviewer.9384831 aSykes, J. B., etranslator.1 aReid, W. H.,etranslator.1 aKosevich, A. M., ereviewer.1 aPitaevskiĭ, L. P.q(Lev Petrovich),ereviewer. 2ddccBB c20908d20880 00102ddc40708BaccahaMAINbMAINc1STd2015-10-13ePurchaseg360.00h22696l0o531.382 LANp000039890r2025-07-15 00:00:00v450.00yBB